Estaciones de Metro de Santiago - Estadísticas

Estadísticas generales
  • Esta prueba ha sido intentada 877 veces
  • La puntuación promedio es 73 de 130
Estadísticas de respuestas
Estaciones % Correcto
Universidad de Chile
93%
San Pablo
91%
Tobalaba
90%
Los Heroes
88%
Los Leones
88%
Universidad Catolica
88%
Estacion Central
87%
Los Dominicos
87%
Baquedano
86%
Pajaritos
82%
Escuela Militar
81%
Neptuno
81%
Santa Lucia
81%
Universidad de Santiago
80%
La Moneda
79%
Salvador
79%
Union Latinoamericana
79%
Manuel Montt
78%
Pedro de Valdivia
78%
El Golf
76%
Manquehue
76%
Republica
74%
Alcantara
73%
Santa Ana
73%
Las Rejas
72%
La Cisterna
70%
Ecuador
69%
Plaza de Maipu
69%
ñuñoa
68%
Plaza de Armas
68%
Franklin
67%
Hernando de Magallanes
66%
ñuble
65%
Plaza Egaña
64%
Vespucio Norte
64%
San Alberto Hurtado
63%
Parque Ohiggins
62%
Puente Cal y Canto
62%
Irarrazaval
61%
Estadio Nacional
60%
San Joaquin
60%
Vicente Valdes
59%
Cerrillos
57%
Quinta Normal
57%
Bellas Artes
56%
Cumming
55%
Hospitales
55%
Plaza de Puente Alto
55%
Santa Isabel
55%
Toesca
55%
Parque Bustamante
54%
Chile España
53%
Ciudad del Niño
53%
Patronato
53%
San Miguel
53%
Rondizzoni
51%
Vicuña Mackenna
50%
Cementerios
49%
Cristobal Colon
49%
Einstein
49%
Los Libertadores
49%
Camino Agricola
48%
Grecia
48%
Ines de Suarez
48%
Macul
48%
Fernando Castillo Velasco
47%
Quilin
47%
Zapadores
46%
Bio Bio
45%
Los Presidentes
45%
Matta
45%
Santa Rosa
45%
Del Sol
44%
Pudahuel
44%
San Ramon
44%
Carlos Valdovinos
43%
Blanqueado
42%
Departamental
42%
Francisco Bilbao
42%
La Granja
42%
Lo Valledor
42%
Lo Ovalle
41%
Lo Vial
41%
Santiago Bueras
41%
Villa Frei
41%
Parque Almagro
40%
Cerro Blanco
39%
Gruta de Lourdes
39%
Los Orientales
39%
Monte Tabor
39%
Pedro Aguirre Cerda
39%
Rodrigo de Araya
39%
Santa Julia
39%
Dorsal
38%
Las Torres
38%
Simon Bolivar
38%
El Parron
37%
Lo Prado
37%
Barrancas
36%
Laguna Sur
36%
Las Parcelas
36%
Monseñor Eyzaguirre
36%
El Llano
35%
Hospital Sotero del Rio
35%
Protectora de la Infancia
34%
Conchali
33%
Rojas Magallanes
33%
Plaza Chacabuco
32%
Elisa Correa
30%
Trinidad
30%
Las Mercedes
29%
Los Quillayes
28%
San Jose de la Estrella
27%
Vivaceta
26%
Cardenal Caro
22%
No se encontraron pruebas coincidentes
Distribución de puntuación
Porcentaje de gente con cada puntuación
Porcentaje por número respondido
Historial de tus puntuaciones
No has intentado esta prueba.